Match the Character to the Anime - Statistics

General Stats
  • This quiz has been taken 182 times
  • The average score is 13 of 21
Answer Stats
Hint Answer % Correct
Light Yagami Death Note
96%
Mikasa Ackerman Attack on Titan
92%
Nezuko Kamado Demon Slayer
91%
Ichigo Kurosaki Bleach
90%
Izuku Midoriya My Hero Academia
89%
Rock Lee Naruto
84%
Roronoa Zoro One Piece
84%
Ken Kaneki Tokyo Ghoul
80%
Power Chainsaw Man
76%
Lelouch Lamperouge Code Geass
73%
Kazuto “Kirito” Kirigaya Sword Art Online
67%
Spike Spiegel Cowboy Bebop
65%
Hercule Satan Dragon Ball Z
42%
Yusuke Urameshi YuYu Hakusho
40%
Maes Hughes Fullmetal Alchemist
37%
Ryuko Matoi Kill la Kill
35%
Franken Stein Soul Eater
33%
Gendo Ikari Neon Genesis: Evangelion
31%
Yoko Littner Gurren Lagann
28%
Homura Akemi Puella Magi Madoka Magica
28%
Lotte Yansson Little Witch Academia
24%
No matching quizzes found
Score Distribution
Percent of People with Each Score
Percentile by Number Answered
Your Score History
You have not taken this quiz